| 000 | 02132nab a22002777a 4500 | ||
|---|---|---|---|
| 999 |
_c5340 _d5340 |
||
| 003 | OSt | ||
| 005 | 20250223230916.0 | ||
| 008 | 190603e xxum|||| |||| 00| 0 spa d | ||
| 040 | _cPJ | ||
| 100 |
_96386 _aPapa, Rodolfo G. |
||
| 245 | 1 | 0 |
_aAspectos jurídicos, contractuales y regulatorios de actualidad en el tratamiento del fideicomiso societario / _cRodolfo G. Papa. |
| 260 |
_cCiudad Autónoma de Buenos Aires : _aThomson Reuters La Ley, _b2023. |
||
| 300 | _ap. 85-104 | ||
| 500 | _aCita Online: TR LALEY AR/DOC/2647/2023. | ||
| 505 | _a Sumario: I. Aproximación introductoria. El fideicomiso societario ante la nueva Codificación.— II. El fiduciario ante la ejecución de un fideicomiso societario. Extensión en el ejercicio de sus facultades fiduciarias.— III. Etapas y principales aspectos jurídicos sustantivos que conforman el iter en la constitución de un fideicomiso societario.— IV. La registración del contrato de fideicomiso societario ante el "Registro Público". Su alcance y efectos. Su tratamiento regulatorio actual en el ámbito de la Ciudad Autónoma de Buenos Aires. La competencia registral asumida por la Inspección General de Justicia (IGJ) al amparo de la RG 6/2016 (luego modificada por la RG 33/2020).— V. Los posibles usos de un fideicomiso societario como vehículo o "instrumentalidad".— VI. La adecuación de las previsiones contractuales del fideicomiso societario a la nueva Codificación unificada.— VII. El fideicomiso societario con fines de garantía.— VIII. Conclusiones. | ||
| 505 | _t¿Te interesa el texto completo? Solicitalo al correo: koha@justierradelfuego.gov.ar | ||
| 650 | 0 |
_91590 _aFIDEICOMISO |
|
| 650 | 0 |
_91497 _aCODIGO CIVIL Y COMERCIAL |
|
| 650 | 0 |
_9646 _aSOCIEDADES COMERCIALES |
|
| 650 | 0 |
_96384 _aDOMINIO FIDUCIARIO |
|
| 650 | 0 |
_91608 _aINSCRIPCION REGISTRAL |
|
| 650 | 0 |
_95756 _aPARTICIPACIÓN DE UNA SOCIEDAD EN OTRA |
|
| 650 | 0 |
_91727 _aINSPECCION GENERAL DE JUSTICIA |
|
| 773 | 0 |
_02713 _93170 _dCiudad Autónoma de Buenos Aires : Thomson Reuters La Ley, 2015- _tRevista Código Civil y Comercial. Nº 6 - Diciembre 2023 |
|
| 942 |
_2udc _cANA |
||